Dragonniers de l'univers de Game of Thrones - Statistiques

Statistiques générales
  • Ce quiz a été pris 46 fois
  • Le résultat moyen est 20 sur 36
Statistiques - réponses
Hint Réponse % Correct
Balerion Aegon I Targaryen
97%
Drogon Daenerys Targaryen
90%
Aemond Targaryen
84%
Viserys I Targaryen
81%
Sunfyre Aegon II Targaryen
74%
Rhaegal Daenerys Targaryen
74%
Viserion Daenerys Targaryen
74%
Vermax Jacaerys Velaryon
74%
Syrax Rhaenyra Targaryen
74%
Daemon Targaryen
71%
Arrax Lucerys Velaryon
71%
Rhaenys Targaryen
71%
Vhagar Visenya Targaryen
65%
Maegor I Targaryen
61%
Seasmoke Laenor Velaryon
58%
Meraxes Rhaenys Targaryen
58%
Caraxes Aemon Targaryen
55%
Laena Velaryon
55%
Tessarion Daeron Targaryen
52%
Vermithor Jaehaerys I Targaryen
52%
Addam of Hull
48%
Moondancer Baela Targaryen
48%
Hugh Hammer
48%
Morning Rhaena Targaryen
48%
Helaena Targaryen
45%
Silverwing Alysanne Targaryen
42%
Aegon Targaryen
39%
Cannibal Aucun
39%
Ulf White
35%
Grey Ghost Aucun
32%
Quicksilver Aenys I Targaryen
29%
Meleys Alyssa Targaryen
29%
Sheepstealer Aucun
29%
Baelon Targaryen
29%
Aerea Targaryen
26%
Dreamfyre Rhaena Targaryen
26%
Aucun quiz correspondant
Distribution des résultats
% des personnes avec chaque résultat
Percentile par nombre de réponses
Votre historique - résultats
Vous n’avez pas pris ce quiz